Statistics for Genius of the Obvious quiz

Click here to take the quiz!

General Stats

  • This quiz has been taken 353 times
    (241 since last reset)
  • The average score is 10 of 20

Answer Stats

Hint Answer % Correct
2) Number of 'vowels' in 'Answer 1'?4
98%
1) Country between Uruguay and Chile?Argentina
95%
4) Which metal's name starts with the first 3 letters of 'Answer 3'?Gold
81%
3) In which sport is 'Answer 2' shouted as an Alarm?Golf
81%
6) The 4th letter of your answer to Question 5 is the first letter of what canine animal?Dog
81%
5) Name one of the 2 James Bond movies that use the 'Answer 4' in their One Word Titles?Goldfinger / GoldenEye
78%
7) What is the Greek Letter equivalent to the first letter of 'Answer 6'?Delta
76%
9) In which country is the mouth of the 'Answer 8'?Brazil
70%
8) Which river has the largest flow past it's 'Answer 7'?Amazon
70%
10) What common metal alloy starts with the first 3 letters of 'Answer 9'?Brass
66%
11) What metal is mixed with Zinc to make 'Answer 10'?Copper
60%
12) What is the Periodic Symbol for 'Answer 11'?Cu
51%
13) What Dutch Caribbean Island's name starts with 'Answer 12'?Curacao
29%
16) 'Answer 15' is famously the '*********' Star in the sky, (begin with B) ?Brightest
27%
17) Count letters in 'Answer 16'. Which letter of the alphabet is at that number?I
24%
14) The first 3 letters of 'Answer 13' refer to what mixed-breed animal?Dog
17%
15) Which Star is known as the 'Answer 14' Star?Sirius
15%
18) What world Capital City begins with 'Answer 17'?Islamabad
12%
19) What animal is derived from 'Answer 18's 3rd, 4th, 5th and 7th letter?Lamb
9%
20) What Country is nearest to Cyprus beginning with 'Answer 19s' first letter?Lebanon
8%

Score Distribution

Percentile by Number Answered

Percent of People with Each Score

Your Score History

You have not taken this quiz since the last reset